000 00750 a2200229 4500
003 dpl
005 20240726142004.0
008 240726b |||||||| |||| 00| 0 eng d
010 _aENG-141010
020 _a9789351508939
_c795.00
035 _aEN-124542
037 _bDBAD
040 _c0
082 1 4 _a306.8743
_21
100 1 _aAneja, Anu
_968964
245 1 _aEmbodying Motherhood:
_bPerspective from Contemporary India/
_cby Anu Aneja [and] Shubhangi Vaidya
260 _aNew Delhi
_bSage Publications
_c2016
270 _aB1/11, Mohan Cooperative Industrial Area, Mathura Road
_bNew Delhi
_e110 044
300 _axxviii,219p.
_c22cm(hb)
700 _aVaidya, Shubhangi
_968969
942 _adpl
_cEN
_2ddc
_h306.8743
_mANE
999 _c204513
_d204513